| 000 | 00894cab a2200301 4500 | ||
|---|---|---|---|
| 001 | ABS51130 | ||
| 008 | 090401t1994 xxu||||| |||| 00| 0 eng d | ||
| 035 | _a(Sirsi) u11982 | ||
| 041 | _aeng | ||
| 100 | _aMorphet, J. | ||
| 245 | _aEurope comes clean on compliance with rules | ||
| 260 | _c1994 | ||
| 350 | _a0 | ||
| 490 |
_aPlanning (for the Natural and Built Environment) _v(1079) 29 July 1994, 30(1) |
||
| 520 | _aReviews the implementation of EC law, particularly environmental measures, into domestic law and how the UK compares with other states. | ||
| 650 | _aAIR QUALITY | ||
| 650 | _aEC DIRECTIVES | ||
| 650 | _aEC LAW | ||
| 650 | _aEC REGULATIONS | ||
| 650 | _aIMPLEMENTATION | ||
| 650 | _aJURISDICTION | ||
| 650 | _aPOLLUTION | ||
| 650 | _aWATER | ||
| 690 | _aEUROPE-SINGLE MARKET | ||
| 690 | _aPLANNING LAW AND PRACTICE | ||
| 942 | _n0 | ||
| 948 | _c04/03/1997 | ||
| 999 |
_c7658 _d7658 |
||